Países con la silueta más redonda - Estadísticas

Estadísticas generales
  • Esta prueba ha sido intentada 57 veces
  • La puntuación promedio es 10 de 15
Respuestas en el mapa
Las respuestas están codificadas por una escala verde-roja en el mapa de la prueba según el % correcto abajo.
 
Estadísticas de respuestas
Respuesta % Correcto
América (176.215 km²) Uruguay
90%
África (71.740 km²) Sierra Leona
82%
África (17.360 km²) Esuatini
74%
África (390.580 km²) Zimbabue
74%
Europa (0,49 km²) Ciudad del Vaticano
72%
Europa (312.696 km²) Polonia
70%
Europa (61 km²) San Marino
68%
Europa (238.391 km²) Rumanía
64%
Europa (10.887​ km²) Kosovo
62%
África (1.104.300 km²) Etiopía
60%
África (1.879.000 km²) Sudán
60%
Oceanía (21 km²) Nauru
54%
África (581.730 km²) Botsuana
46%
América (163.820 km²) Surinam
46%
África (322.460 km²) Costa de Marfil
32%
No se encontraron pruebas coincidentes
Distribución de puntuación
Porcentaje de gente con cada puntuación
Porcentaje por número respondido
Historial de tus puntuaciones
No has intentado esta prueba.